The Scottish soil framework (Record no. 109633)
[ view plain ]
| 000 -LEADER | |
|---|---|
| fixed length control field | 01492cad a22002415a 4500 |
| 001 - CONTROL NUMBER | |
| control field | E147581 |
| 008 - FIXED-LENGTH DATA ELEMENTS--GENERAL INFORMATION | |
| fixed length control field | 090527s2009 xxk f s000 0 eng d |
| 020 ## - INTERNATIONAL STANDARD BOOK NUMBER | |
| International Standard Book Number | 9780755990139 |
| 035 ## - SYSTEM CONTROL NUMBER | |
| System control number | (Sirsi) u147581 |
| 041 0# - LANGUAGE CODE | |
| Language code of text/sound track or separate title | eng |
| 050 04 - LIBRARY OF CONGRESS CALL NUMBER | |
| Classification number | 624.1513 $2 18 |
| 110 2# - MAIN ENTRY--CORPORATE NAME | |
| Corporate name or jurisdiction name as entry element | Scotland |
| Subordinate unit | Scottish Government |
| 9 (RLIN) | 5344 |
| 245 04 - TITLE STATEMENT | |
| Title | The Scottish soil framework |
| Medium | [electronic resource] |
| 260 ## - PUBLICATION, DISTRIBUTION, ETC. | |
| Place of publication, distribution, etc. | Edinburgh |
| Name of publisher, distributor, etc. | Scottish Government |
| Date of publication, distribution, etc. | 2009 |
| 505 2# - FORMATTED CONTENTS NOTE | |
| Formatted contents note | Ministerial foreword and executive summary -- Chapter 1: introduction -- Chapter 2: the importance of soils and soil functions -- Chapter 3: the diversity of Scottish soils -- Chapter 4: pressures on soils -- Chapter 5: soils in the context of climate change -- Chapter 6: policies for soil protection -- Chapter 7: future focus, outcomes and actions -- References -- Annex A: policies in place for soil protection -- Annex B: soil focus group |
| 520 ## - SUMMARY, ETC. | |
| Summary, etc. | Sets out policies and recommendations to encourage the sustainable management and protection of soils, in the context of Scotland's economic, social and environmental requirements. Suggests that the main threats to Scotland's soils are climate change and loss of organic matter. |
| 521 ## - TARGET AUDIENCE NOTE | |
| Target audience note | Advanced |
| 590 ## - LOCAL NOTE (RLIN) | |
| Local note | KA |
| 651 #4 - SUBJECT ADDED ENTRY--GEOGRAPHIC NAME | |
| Geographic name | Scotland |
| Chronological subdivision | 1999- |
| 690 ## - LOCAL SUBJECT ADDED ENTRY--TOPICAL TERM (OCLC, RLIN) | |
| Topical term or geographic name as entry element | BUILT ENVIRONMENT-BUILDING MATERIALS-NON CEMENTITIOUS MATERIALS-NATURAL SOILS |
| 856 40 - ELECTRONIC LOCATION AND ACCESS | |
| Uniform Resource Identifier | <a href="https://www.scotland.gov.uk/Publications/2009/05/20145602/0">https://www.scotland.gov.uk/Publications/2009/05/20145602/0</a> |
| Public note | View the report free of charge at www.scotland.gov.uk... |
| 942 ## - ADDED ENTRY ELEMENTS (KOHA) | |
| Suppress in OPAC | 0 |
| Withdrawn status | Lost status | Source of classification or shelving scheme | Damaged status | Not for loan | Home library | Current library | Shelving location | Date acquired | Total Checkouts | Full call number | Barcode | Date last seen | Copy number | Price effective from | Koha item type |
|---|---|---|---|---|---|---|---|---|---|---|---|---|---|---|---|
| Dewey Decimal Classification | Virtual | Virtual | Online | 27/05/2009 | ONLINE PUBLICATION | 147581-2001 | 06/08/2019 | 1 | 06/08/2019 | Book |